Empowering Employees (Record no. 85967)

MARC details
000 -LEADER
fixed length control field 00519nam a2200193Ia 4500
008 - FIXED-LENGTH DATA ELEMENTS--GENERAL INFORMATION
fixed length control field 230125s9999 xx 000 0 und d
020 ## - INTERNATIONAL STANDARD BOOK NUMBER
International Standard Book Number 0-07-053460-8
041 ## - LANGUAGE CODE
Language code of text/sound track or separate title eng
082 ## - DEWEY DECIMAL CLASSIFICATION NUMBER
Classification number 658.312 44
Item number MUR/MER
100 ## - MAIN ENTRY--PERSONAL NAME
Personal name Murrel K L
9 (RLIN) 109291
245 ## - TITLE STATEMENT
Title Empowering Employees
260 ## - PUBLICATION, DISTRIBUTION, ETC. (IMPRINT)
Date of publication, distribution, etc. 2003
Name of publisher, distributor, etc. Tata McGraw Hill
Place of publication, distribution, etc. New Delhi
300 ## - PHYSICAL DESCRIPTION
Extent 185p
500 ## - GENERAL NOTE
Keywords HRM Gen;Empowerment;HRM
650 ## - SUBJECT ADDED ENTRY--TOPICAL TERM
Topical term or geographic name as entry element Human Resource Management
700 ## - ADDED ENTRY--PERSONAL NAME
Personal name Murrel K L & Meredith M
9 (RLIN) 109292
906 ## - LOCAL DATA ELEMENT F, LDF (RLIN)
b 39
Holdings
Withdrawn status Lost status Damaged status Not for loan Home library Current library Date acquired Vendor Cost, normal purchase price Bill number Total Checkouts Full call number Barcode Date last seen Date last checked out Cost, replacement price Bill Date Koha item type Original Barcode
        Smt. Hiraben Nanavati Institute of Management & Research for Women Smt. Hiraben Nanavati Institute of Management & Research for Women 31/07/2008 Pritam Book Centre 195.00 5498 1 658.312 44 MUR/MER B06534 HIMR-BK-6534 24/03/2025 19/03/2025 156.00 31/07/2008 Books B06534